| 000 | 00977pam a2200301 a 4500 | ||
|---|---|---|---|
| 001 | 015739332 | ||
| 003 | OSt | ||
| 005 | 20150317125854.0 | ||
| 008 | 110121t2011 at ak frbd 001 0 eng d | ||
| 020 | _a9781844805068 (pbk.) | ||
| 020 | _a1844805069 (pbk.) | ||
| 040 |
_aStDuBDS _beng _cStDuBDS _dUk |
||
| 082 | 0 | 0 |
_a658 _222 _bCOL |
| 100 | 1 |
_aCole, G. A. _q(Gerald A.) _935754 |
|
| 245 | 1 | 0 |
_aManagement theory and practice / _cGerald A. Cole, Phil Kelly. |
| 250 | _a7th ed. | ||
| 260 |
_a[Canberra] : _bSouth-Western Cengage Learning, _cc.2011 _e([Beijing] : _fRR Donnelley) |
||
| 300 |
_axvi, 608 p. : _bforms, tables ; _c26 cm. |
||
| 500 | _aIncludes appendix. | ||
| 500 | _aGlossary : p. 587-602. | ||
| 500 | _aIndex : p. 603-608. | ||
| 504 | _aIncludes bibliographical references. | ||
| 650 | 0 |
_aManagement _98041 |
|
| 653 |
_bBUSADM _cMarch2014 _cMarch2015 |
||
| 655 |
_vreading book _934232 |
||
| 700 | 1 |
_aKelly, P. _q(Phil), _d1965- _935755 |
|
| 942 |
_2ddc _k658 COL |
||
| 999 |
_c18159 _d18131 |
||